000 00340 a2200157 4500
001 161776
020 _a
040 _cMagnum
100 _aSouza, Anna Maria de
240 1 0 _aMeu livro de ciencias/v4
_lpor
245 1 0 _aMeu livro de ciencias/v4
362 0 _a1899
440 1 _aFTD
697 _aCIENCIAS MEDICAS SAUDE
942 _cBK
999 _c161776
_d161776